| 000 | 00739nam a22002177a 4500 | ||
|---|---|---|---|
| 999 |
_c19975 _d19975 |
||
| 003 | AR-CdUCM | ||
| 008 | 190524b ||||| |||| 00| 0 spa d | ||
| 040 |
_aMUNICIPALIDAD PROVINCIAL DEL CUSCO _cBIBLIOTECA MUNICIPAL DEL CUSCO |
||
| 041 | _hru | ||
| 082 |
_22ed _a330.2 / _bN57 |
||
| 100 |
_aNikitin, Petrlvanovich _941794 |
||
| 245 | _aManual de economía política / | ||
| 260 |
_aLima : _bLatinoamerica, _c1987. |
||
| 300 |
_a429 páginas ; _c20 cm. |
||
| 505 | _aContenido: Los modos pre capitalistas de producción -- La producción mercantil -- Capital y plusvalía... | ||
| 650 |
_aEconomía _9382 |
||
| 650 |
_aManuales _95970 |
||
| 700 |
_aVládov, L. (traducción) _95666 |
||
| 942 |
_2ddc _cLIBROS |
||
| 945 |
_adavv _d2019-05-24 |
||